[Event "BRA-ch U12"]
[Site "Florianopolis"]
[Date "2018.05.01"]
[Round "6"]
[White "De Souza, Kelvyn Cardoso"]
[Black "Campora, Felipe Marques"]
[Result "0-1"]
[WhiteElo "1550"]
[BlackElo "1738"]
[PlyCount "38"]
[EventDate "2018.04.28"]
[EventType "swiss"]
[EventRounds "6"]
[EventCountry "BRA"]
[SourceTitle "EXT 2021"]
[Source "ChessBase"]
[SourceDate "2020.10.23"]
[SourceVersion "1"]
[SourceVersionDate "2020.10.23"]
[SourceQuality "1"]

1. e4 e6 2. d4 d5 3. e5 c5 4. c3 Qa5 5. Nf3 Nc6 6. a3 cxd4 7. Nxd4 Nxd4 8. Qxd4 Bc5 9. b4 Bxd4 10. bxa5 Bxe5 11. Bb5+ Bd7 12. Bxd7+ Kxd7 13. 0-0 Rc8 14. Bd2 Nf6 15. f4 Bc7 16. Be3 Bxa5 17. Bxa7 b6 18. Bxb6 Bxb6+ 19. Kh1 Ne4 0-1

[Event "BRA-ch U12"]
[Site "Florianopolis"]
[Date "2018.04.30"]
[Round "4"]
[White "Bahi, Guilherme Falcao"]
[Black "De Souza, Kelvyn Cardoso"]
[Result "0-1"]
[WhiteElo "1638"]
[BlackElo "1550"]
[PlyCount "46"]
[EventDate "2018.04.28"]
[EventType "swiss"]
[EventRounds "6"]
[EventCountry "BRA"]
[SourceTitle "EXT 2021"]
[Source "ChessBase"]
[SourceDate "2020.10.23"]
[SourceVersion "1"]
[SourceVersionDate "2020.10.23"]
[SourceQuality "1"]

1. e4 c5 2. Bc4 e6 3. Nf3 d6 4. Nc3 Nf6 5. 0-0 Be7 6. d3 0-0 7. Bf4 a6 8. e5 dxe5 9. Bxe5 Bd6 10. Bxf6 Qxf6 11. Ne4 Qe7 12. Nfg5 f5 13. Qd2 fxe4 14. dxe4 Rd8 15. Qe3 b5 16. e5 Bc7 17. Bb3 c4 18. Qe4 Qxg5 19. Rfe1 Ra7 20. Re3 Bb7 21. h4 Qf5 22. Qxf5 exf5 23. e6 Bb6 0-1

[Event "Aracaju Pitanga Memorial"]
[Site "Aracaju"]
[Date "2017.08.12"]
[Round "3"]
[White "De Souza, Kelvyn Cardoso"]
[Black "Da Silva, Joao Paulo Santos"]
[Result "1-0"]
[WhiteElo "1774"]
[BlackElo "1708"]
[PlyCount "53"]
[EventDate "2017.08.11"]
[EventType "swiss"]
[EventRounds "5"]
[EventCountry "BRA"]
[SourceTitle "CBM 180 Extra"]
[Source "ChessBase"]
[SourceDate "2017.10.06"]
[SourceVersion "1"]
[SourceVersionDate "2017.10.06"]
[SourceQuality "1"]

1. e4 c6 2. d4 d5 3. Nc3 dxe4 4. Nxe4 Bf5 5. Ng3 Bg6 6. Bd3 e6 7. Nf3 Nf6 8. h4 Bxd3 9. Qxd3 Bd6 10. Bg5 Bxg3 11. fxg3 Nbd7 12. 0-0-0 Qb6 13. Rhe1 0-0-0 14. Qc3 h6 15. Bf4 Nd5 16. Qd2 Qa6 17. Kb1 Qc4 18. b3 Qc3 19. Qe2 N5b6 20. Bd2 Na4 21. bxa4 Qa3 22. Qc4 Nb6 23. Qb4 Qxb4+ 24. Bxb4 Nxa4 25. c4 Nb6 26. Ne5 f6 27. Nf7 1-0

[Event "Aracaju Pitanga Memorial"]
[Site "Aracaju"]
[Date "2017.08.12"]
[Round "2"]
[White "De Souza, Kelvyn Cardoso"]
[Black "Rodrigues, Jadna Couto"]
[Result "0-1"]
[WhiteElo "1774"]
[BlackElo "1489"]
[PlyCount "74"]
[EventDate "2017.08.11"]
[EventType "swiss"]
[EventRounds "5"]
[EventCountry "BRA"]
[SourceTitle "CBM 180 Extra"]
[Source "ChessBase"]
[SourceDate "2017.10.06"]
[SourceVersion "1"]
[SourceVersionDate "2017.10.06"]
[SourceQuality "1"]

1. e4 c5 2. Nf3 e6 3. d4 cxd4 4. Nxd4 Be7 5. Nc3 Nc6 6. Bc4 Nf6 7. Be3 a6 8. 0-0 0-0 9. Qd2 Ne5 10. Bb3 b5 11. f4 Neg4 12. h3 b4 13. Nce2 Nxe4 14. Qd3 Nxe3 15. Qxe4 Nxf1 16. Qxa8 Ne3 17. Qe4 Nd5 18. f5 Nf6 19. Qf3 Qc7 20. c3 Bb7 21. Qg3 Qxg3 22. Nxg3 bxc3 23. bxc3 Bc5 24. Kh1 Ne4 25. Nxe4 Bxe4 26. fxe6 dxe6 27. Bc4 Bxd4 28. cxd4 a5 29. Rd1 Rc8 30. Rc1 Bd5 31. Rb1 Bxc4 32. Rc1 Ba6 33. Rxc8+ Bxc8 34. Kg1 Kf8 35. Kf2 Ke7 36. Ke3 Kd6 37. Kd3 Bb7 0-1

[Event "Aracaju Pitanga Memorial"]
[Site "Aracaju"]
[Date "2017.08.11"]
[Round "1"]
[White "Da Silva, Luiz Henrique Lopes"]
[Black "De Souza, Kelvyn Cardoso"]
[Result "0-1"]
[WhiteElo "1735"]
[BlackElo "1774"]
[PlyCount "55"]
[EventDate "2017.08.11"]
[EventType "swiss"]
[EventRounds "5"]
[EventCountry "BRA"]
[SourceTitle "CBM 180 Extra"]
[Source "ChessBase"]
[SourceDate "2017.10.06"]
[SourceVersion "1"]
[SourceVersionDate "2017.10.06"]
[SourceQuality "1"]

1. e4 c5 2. Nf3 e6 3. d4 cxd4 4. Nxd4 Nf6 5. Nc3 d6 6. Be3 Be7 7. f3 0-0 8. Qd2 a6 9. 0-0-0 Nc6 10. g4 Nxd4 11. Bxd4 Qc7 12. h4 b5 13. g5 Nd7 14. h5 b4 15. Ne2 a5 16. g6 h6 17. Rg1 e5 18. Be3 Nc5 19. gxf7+ Rxf7 20. Bxh6 Kh8 21. Bg5 b3 22. Nc3 bxa2 23. Bc4 a1Q+ 24. Nb1 Qb6 25. c3 Rb8 26. Rg2 Bxg5 27. Bxf7 Bxd2+ 28. Rdxd2 0-1